000 00299nam a22001217a 4500
008 160510b xxu||||| |||| 00| 0 eng d
020 _a9780536257611
020 _a053625761
041 _aeng
080 _a611
245 _aHuman anatomy phsiology:
_cElaine N. Marieb; Katja Hoehn;
942 _2udc
_cBK
999 _c1955
_d1955